| 000 | 00730nam a22002297a 4500 | ||
|---|---|---|---|
| 003 | OSt | ||
| 005 | 20230315085758.0 | ||
| 008 | 221006b |||||||| |||| 00| 0 eng d | ||
| 040 | _cBiblioteca Lado V | ||
| 082 |
_a730 _bP538p |
||
| 100 |
_9786 _aPhelan, Alan |
||
| 245 |
_aPrinted Project/ _bAnother monumental metaphor/ |
||
| 260 |
_bSculptor's Society _c2005 _aIrlanda |
||
| 300 |
_c19x25cm _a100p. |
||
| 366 | _eeng | ||
| 490 |
_a5 _v2005 |
||
| 650 |
_2Tesauro de Arte & Arquitectura _aARTE _9703 |
||
| 650 |
_2Tesauro de Arte & Arquitectura _aGUIA |
||
| 650 |
_2Tesauro de Arte & Arquitectura _aGATELERIA |
||
| 650 |
_2Tesauro de Arte & Arquitectura _aCOLECCIONISMO |
||
| 942 |
_2ddc _c1 _h730 _iP538p _n0 |
||
| 999 |
_c3197 _d3197 |
||